Amara anubādaka Satyendranātha. (Record no. 65487)

MARC details
000 -LEADER
fixed length control field 00552cam a22002171 4500
001 - CONTROL NUMBER
control field sa 65008016
003 - CONTROL NUMBER IDENTIFIER
control field DLC
005 - DATE AND TIME OF LATEST TRANSACTION
control field 20260227112152.0
008 - FIXED-LENGTH DATA ELEMENTS--GENERAL INFORMATION
fixed length control field 890920s1961 ii 000 0 beno
010 ## - LIBRARY OF CONGRESS CONTROL NUMBER
LC control number sa 65008016
035 ## - SYSTEM CONTROL NUMBER
System control number (OCoLC)20374709
040 ## - CATALOGING SOURCE
Original cataloging agency DLC
Transcribing agency WaU
Modifying agency DLC
042 ## - AUTHENTICATION CODE
Authentication code premarc
050 00 - LIBRARY OF CONGRESS CALL NUMBER
Classification number PK1718.D355
Item number Z6
100 1# - MAIN ENTRY--PERSONAL NAME
Personal name Chattopadhyaya, Sudhakar.
245 10 - TITLE STATEMENT
Title Amara anubādaka Satyendranātha.
260 ## - PUBLICATION, DISTRIBUTION, ETC.
Date of publication, distribution, etc. [1961]
300 ## - PHYSICAL DESCRIPTION
Extent 6, 233 p.
Dimensions 22 cm.
500 ## - GENERAL NOTE
General note In Bengali.
600 10 - SUBJECT ADDED ENTRY--PERSONAL NAME
Personal name Datta, Satyendranath,
Dates associated with a name 1882-1922.

No items available.

Powered by Koha